000
00289nam a2200121Ia 4500
005
20251222142021.0
008
251222s9999||||xx |||||||||||||| ||spa||
082
_a
249.8/H41D/T.3
100
_a
Hervada, Javier
245
0
_a
El derecho de pueblo de Dios:
264
_b
Gomez
942
_c
LIB
999
_c
10649
_d
10649